书目信息 |
| 题名: |
微笑曲线
|
|
| 作者: | 施振荣, 著 | |
| 分册: | ||
| 出版信息: | 上海 复旦大学出版社 2014 |
|
| 页数: | [28], 242页 | |
| 开本: | 23cm | |
| 丛书名: | ||
| 单 册: | ||
| 中图分类: | F426.67 | |
| 科图分类: | ||
| 主题词: | 电子计算机工业--dian zi ji suan ji gong ye--工业企业管理--经验--中国 | |
| 电子资源: | ||
| ISBN: | 978-7-309-10317-5 | |
| 000 | 01228nam0 2200289 450 | |
| 001 | CAL 012014072298 | |
| 005 | 20170615153504.63 | |
| 010 | @a978-7-309-10317-5@b精装@dCNY40.00 | |
| 099 | @aCAL 012014072298 | |
| 100 | @a20140507d2014 em y0chiy50 ea | |
| 101 | 0 | @achi |
| 102 | @aCN@b310000 | |
| 105 | @aa z 000yy | |
| 106 | @ar | |
| 200 | 1 | @a微笑曲线@Awei xiao qu xian@e缔造永续企业的王道@f施振荣著@g |
| 210 | @a上海@c复旦大学出版社@d2014 | |
| 215 | @a[28], 242页@c图@d23cm | |
| 314 | @a施振荣 (1944-),生于台湾鹿港,1964年与工作伙伴以100万元台币创立宏碁,并开创了全球品牌Acer。 | |
| 330 | @a本书是施振荣重新诠释验证后的“微笑曲线”心法。同样遵循微笑曲线,为何有很多人或企业无法微笑?走出微笑曲线底部,朝两端发展的秘诀是什么?施振荣首度传授25个关键密码,教大家启动能够创造价值的微笑曲线。 | |
| 333 | @a本书适合企业经营者、EMBA学院、MBA师生,以及对经营企业与享受生活感兴趣的广大读者。 | |
| 517 | 1 | @a缔造永续企业的王道@Adi zao yong xu qi ye de wang dao |
| 606 | 0 | @a电子计算机工业@Adian zi ji suan ji gong ye@x工业企业管理@x经验@y中国 |
| 690 | @aF426.67@v5 | |
| 701 | 0 | @a施振荣,@Ashi zhen rong@f1944-@4著 |
| 801 | 0 | @aCN@bZHONGJIAO@c20170609@g |
| 905 | @aBZT@dF426.67@e16 | |
| 906 | @dCNY40.00@n3@r1 | |
| 微笑曲线:缔造永续企业的王道/施振荣著.-上海:复旦大学出版社,2014 |
| [28], 242页:图;23cm |
| 使用对象:本书适合企业经营者、EMBA学院、MBA师生,以及对经营企业与享受生活感兴趣的广大读者。 |
| ISBN 978-7-309-10317-5(精装):CNY40.00 |
| 本书是施振荣重新诠释验证后的“微笑曲线”心法。同样遵循微笑曲线,为何有很多人或企业无法微笑?走出微笑曲线底部,朝两端发展的秘诀是什么?施振荣首度传授25个关键密码,教大家启动能够创造价值的微笑曲线。 |
| ● |
| 相关链接 |
|
|
|
正题名:微笑曲线
索取号:F426.67/16
 
预约/预借
| 序号 | 登录号 | 条形码 | 馆藏地/架位号 | 状态 | 备注 |
| 1 | 832346 | 2000832346 | 第二书库/ [索取号:F426.67/16] | 在馆 | |
| 2 | 832347 | 2000832347 | 第二书库/ [索取号:F426.67/16] | 在馆 | |
| 3 | 832348 | 2000832348 | 第二书库/ [索取号:F426.67/16] | 在馆 |